The Leasehold Valuation Tribunals (Fees) (Revocation and Saving) (Wales) Order 2004 (Record no. 103551)
[ view plain ]
| 000 -LEADER | |
|---|---|
| fixed length control field | 00968cam a2200205 4500 |
| 008 - FIXED-LENGTH DATA ELEMENTS--GENERAL INFORMATION | |
| fixed length control field | 040427n2004 000 0 eng u |
| 020 ## - INTERNATIONAL STANDARD BOOK NUMBER | |
| International Standard Book Number | 0110908937 |
| 035 ## - SYSTEM CONTROL NUMBER | |
| System control number | (Sirsi) u126024 |
| 041 ## - LANGUAGE CODE | |
| Language code of text/sound track or separate title | eng |
| 245 #4 - TITLE STATEMENT | |
| Title | The Leasehold Valuation Tribunals (Fees) (Revocation and Saving) (Wales) Order 2004 |
| 260 ## - PUBLICATION, DISTRIBUTION, ETC. | |
| Place of publication, distribution, etc. | London |
| Name of publisher, distributor, etc. | HMSO |
| Date of publication, distribution, etc. | 2004 |
| 490 ## - SERIES STATEMENT | |
| Series statement | SI |
| Volume/sequential designation | 2004: 680 |
| 520 ## - SUMMARY, ETC. | |
| Summary, etc. | Came into force 31 March 2004. Prescribes fees payable for proceedings before a Leasehold Valuation Tribunal. Revokes Leasehold Valuation Tribunals (Fees) Order 1997. View at www.legislation.hmso.gov.uk. |
| 650 ## - SUBJECT ADDED ENTRY--TOPICAL TERM | |
| Topical term or geographic name entry element | LEASEHOLD VALUATION TRIBUNAL (FEES) (REVOCATION AND SAVING) (WALES) ORDER 2004 |
| 650 ## - SUBJECT ADDED ENTRY--TOPICAL TERM | |
| Topical term or geographic name entry element | LEASEHOLD VALUATION TRIBUNALS |
| 650 ## - SUBJECT ADDED ENTRY--TOPICAL TERM | |
| Topical term or geographic name entry element | LEASEHOLD VALUATION TRIBUNAL FEES |
| 690 ## - LOCAL SUBJECT ADDED ENTRY--TOPICAL TERM (OCLC, RLIN) | |
| Topical term or geographic name as entry element | LANDLORD AND TENANT-LEASEHOLD REFORM |
| 856 ## - ELECTRONIC LOCATION AND ACCESS | |
| Uniform Resource Identifier | <a href="https://www.legislation.gov.uk/wsi/2004/680/contents/made">https://www.legislation.gov.uk/wsi/2004/680/contents/made</a> |
| Public note | View the Order free of charge at www.legislation.gov.uk |
| 942 ## - ADDED ENTRY ELEMENTS (KOHA) | |
| Suppress in OPAC | 0 |
| Withdrawn status | Lost status | Source of classification or shelving scheme | Damaged status | Not for loan | Home library | Current library | Shelving location | Date acquired | Total Checkouts | Full call number | Barcode | Date last seen | Copy number | Price effective from | Koha item type |
|---|---|---|---|---|---|---|---|---|---|---|---|---|---|---|---|
| Dewey Decimal Classification | Virtual | Virtual | Online | 27/04/2004 | ONLINE PUBLICATION | 126024-2001 | 06/08/2019 | 1 | 06/08/2019 | Book |